00585nam a2200169 i 450000100060000000300090000600500170001500700030003200800410003510000430007624500600011926000400017930000210021985200320024099900170027295201260028973933ES-MaACL20240503110110.0t|040913s1961 sp ||||1| spa d1 aGonzález, Ángel,d1925-200895828010aSin esperanza, con convencimiento / cAngel González. aBarcelona : bSeix Barral, c[1961] a80 p. ; c17 cm. aES-MaACLjC-21103 bR.49620 c73933d73933 00104070aATENEOMbATENEOMcGaleríad2008-01-17eSCl0oC-21103p1077389r2023-02-23 00:00:00w2023-02-23yMONOGRAFIA